-
SINGH, PROF AJMER BARAR, & R.S. BAINS, DR. JAGDISH, GILL AND JAGTAR, SINGH
Entry Personal Name
Number of records used in: 1
001 - CONTROL NUMBER
003 - CONTROL NUMBER IDENTIFIER
005 - DATE AND TIME OF LATEST TRANSACTION
- control field:
20240902121954.0
008 - FIXED-LENGTH DATA ELEMENTS
- fixed length control field:
240902|| aca||aabn | a|a d
040 ## - CATALOGING SOURCE
- Original cataloging agency:
JRU
- Transcribing agency:
JRU
100 ## - HEADING--PERSONAL NAME
- Personal name:
SINGH, PROF AJMER BARAR, & R.S. BAINS, DR. JAGDISH, GILL AND JAGTAR, SINGH
670 ## - SOURCE DATA FOUND
- Source citation:
Work cat.: (JRU)8635: SINGH, PROF AJMER BARAR, & R.S. BAINS, DR. JAGDISH, GILL AND JAGTAR, SINGH, ESSENTIALS OF PHYSICAL EDUCATION FOR ALL COURSES UGC NET/ SLET EXAMINATION, 2003